Názory a úvahy o vědeckém řízení

Uložené v:
Podrobná bibliografia
Médium: Kniha
Jazyk:Czech
Vydavateľské údaje: Praha Samcovo kníhkupectví 1946
Tagy: Pridať tag
Žiadne tagy, Buďte prvý, kto otaguje tento záznam!

MARC

LEADER 00000nam a2200000 4500
001 0267855
005 20251029080313.6
041 0 |a cze 
044 |a -CS 
245 1 0 |a Názory a úvahy o vědeckém řízení  |c Stanislav Spaček 
264 1 |a Praha  |b Samcovo kníhkupectví  |c 1946